Preclinical Prosthodontics
Guardat en:
| Autor principal: | |
|---|---|
| Format: | Llibre |
| Publicat: |
CBS Publisher & Distributors Pvt ltd
2018
|
| Etiquetes: |
Afegir etiqueta
Sense etiquetes, Sigues el primer a etiquetar aquest registre!
|
MARC
| LEADER | 00000nam a22000007a 4500 | ||
|---|---|---|---|
| 008 | 230619b |||||||| || || 00| 0 eng d | ||
| 020 | |a 9788123928869 | ||
| 100 | |a REDDY, P. Narendranatha |a KASINA,Sitaram Prasad | ||
| 245 | |a Preclinical Prosthodontics |c P Narendranatha Reddy (and) Sitaram Prasad Kasina |g V, 119 pages | ||
| 260 | |b CBS Publisher & Distributors Pvt ltd |c 2018 |h New Delhi |i 697036 |i 697037 |l RK 651 .R24 |m Prosthodontics | ||
| 500 | |a It includes index | ||
| 942 | |a lcc |c BK |e Adeyeye Y. S. |f 19/06/2023 | ||
| 952 | |0 0 |1 0 |2 lcc |4 0 |6 RK0651 R24 |7 0 |9 4257 |a HOL |b HE |c QZ |d 2023-06-19 |l 0 |o RK 651 .R24 |p 2023-0186 |r 2023-06-19 00:00:00 |w 2023-06-19 |y BK | ||
| 952 | |0 0 |1 0 |2 lcc |4 0 |6 RK0651 R24 |7 0 |9 4258 |a HOL |b HE |c QZ |d 2023-06-19 |l 0 |o RK 651 .R24 |p 2023-0187 |r 2023-06-19 00:00:00 |w 2023-06-19 |y BK | ||
| 999 | |c 2137 |d 2137 | ||